| 000 | 00338nam a22001457a 4500 | ||
|---|---|---|---|
| 008 | 250414b ||||| |||| 00| 0 eng d | ||
| 020 | _a9788853633996 | ||
| 041 | _aITALIAN | ||
| 080 |
_22021 _a371ELI |
||
| 082 |
_2371ELI _a371ELI |
||
| 100 | _a22 | ||
| 101 | _aGJUHA ITALIANE | ||
| 245 |
_aUNA FOTO MILE PAROLE _cELI |
||
| 942 |
_2udc _cBK |
||
| 999 |
_c60641 _d60641 |
||